Cultural Heritage Tourism: (Record no. 356054)
[ view plain ]
| 000 -LEADER | |
|---|---|
| fixed length control field | 00432nam a2200145Ia 4500 |
| 003 - CONTROL NUMBER IDENTIFIER | |
| control field | sisc |
| 005 - DATE AND TIME OF LATEST TRANSACTION | |
| control field | 20180307145305.0 |
| 008 - FIXED-LENGTH DATA ELEMENTS--GENERAL INFORMATION | |
| fixed length control field | 180305s9999 xx 000 0 und d |
| 020 ## - INTERNATIONAL STANDARD BOOK NUMBER | |
| International Standard Book Number | 9781442278837 |
| 100 ## - MAIN ENTRY--PERSONAL NAME | |
| Personal name | Hargrove, Cheryl M. |
| 245 ## - TITLE STATEMENT | |
| Statement of responsibility, etc | Cheryl M. Hargrove |
| Title | Cultural Heritage Tourism: |
| Remainder of title | Five Steps for Success and Sustainability/ |
| 260 ## - PUBLICATION, DISTRIBUTION, ETC. (IMPRINT) | |
| Place of publication, distribution, etc | USA |
| Name of publisher, distributor, etc | Rowman & Littlefield |
| Date of publication, distribution, etc | 2017 |
| 300 ## - PHYSICAL DESCRIPTION | |
| Extent | vii, 377 Pages |
| 942 ## - ADDED ENTRY ELEMENTS (KOHA) | |
| Source of classification or shelving scheme | Library of Congress Classification |
| Koha item type | Books |
| Withdrawn status | Lost status | Damaged status | Home library | Current library | Shelving location | Date acquired | Source of acquisition | Total Checkouts | Full call number | Barcode | Date last seen | Price effective from | Koha item type |
|---|---|---|---|---|---|---|---|---|---|---|---|---|---|
| College Library | College Library | Reserve Section | 03/05/2018 | G 156.5 .H47 2017 | c21304 | 05/15/2018 | 03/05/2018 | Books |